000 00653nam a2200301Ia 4500
005 20260401122431.0
008 008 250103s9999 xx 000 0 eng d
020 _a9780140116625
037 _aTB
040 _aEDL
040 _beng
040 _cEDL
041 _2eng
041 _aeng
084 _a891.433 SHU
084 _qEDL
100 _aShukla, Shrilal
_91232816
245 0 _aRaag Darbari:Novel
245 0 _cShukla, Shrilal
260 _aNew Delhi
260 _bPenguin Books
260 _c1992
300 _a346p
942 _cTB
942 _h891.433 SHU
999 _c1847238
_d1847238